00258nam a2200085Ia 4500008004100000020001800041245005300059260004000112300002000152200626s9999 xx 000 0 und d a971-23-3291-8 aCommercial laws of the philippines:bVolume II:/ aManila:bRex Book Store, Inc.c2001 axlvi, 678 pages